10 größte Städte Ägypten - Statistiken

Allgemein
  • Dieses Quiz wurde 18 mal gespielt
  • Das Durchschnittsergebnis liegt bei 3 aus 10
Antwortstatistiken
Einwohner Antwort % Korrekt
9.800.000 Kairo
100%
5.360.000 Alexandria
94%
4.460.000 Gizeh
59%
790.000 Port Said
41%
720.000 Sues
24%
630.000 al-Mansura
6%
610.000 al-Mahalla al-Kubra
0%
560.000 Assiut
0%
1.280.000 Schubra al-Chaima
0%
600.000 Tanta
0%
Keine übereinstimmenden Quizze gefunden
Verteilung der Resultate
Anzahl Personen mit jedem Resultat
Perzentil nach korrekt beantworteten Fragen
Ihre Resultats-Entwicklung
Sie haben dieses Quiz noch nicht gespielt